|
วิทยาลัยพยาบาลบรมราชชนนี ยะลา |
|
แสดงรายละเอียดบรรณานุกรม |
|
|
Brief Record
: Get Marc (ISO 2709)
: E-mail record
: |
|
|
|
| LEADER 00000nam 2200000uu 4500 | |||
| 001 3847 | |||
| 003 ULIBM | |||
| 008 260421s2565||||th 000 0 tha d | |||
| 020 ^a9786165942515 | |||
| 060 0 ^aWM100^bส657ก | |||
| 100 0 ^aสายใจ พัวพันธ์ | |||
| 245 00 ^aการปรับเปลี่ยนวิธีคิด : ศาสตร์และศิลป์เพื่อการสร้างเสริมสุขภาพจิต/^cสายใจ พัวพันธ์ | |||
| 250 ^aพิมพ์ครั้งที่ 2 (ฉบับปรับปรุง) | |||
| 260 ^aชลบุรี :^bชลบุรีการพิมพ์,^c2565. | |||
| 300 ^aก-ญ,243 หน้า :^bภาพประกอบ ;^c21 ซม. | |||
| 650 7 ^aการส่งเสริมสุขภาพจิต ^xการพยาบาล | |||
| 650 7 ^aสุขภาพจิต | |||
| 999 ^aฮัซวานี | |||
| คุณยังไม่ได้ล็อกอิน คุณสามารถมีกิจกรรมร่วมกับเว็บไซต์ได้ แต่ต้องล็อกอินก่อน :: |
|
| สถานะ | |||||||||
| 1. | หนังสือสำรอง สถานะ=หนังสือสำรอง | WM100 ส657ก 2565 ฉ.1 | ►หนังสือสำรอง | On Shelf ขอยืม | |||||
| 2. | หนังสือทางการพยาบาล | WM100 ส657ก 2565 ฉ.2 | ►หนังสือ ตำรา ทางการพยาบาล | On Shelf ขอยืม | |||||
| 3. | หนังสือทางการพยาบาล | WM100 ส657ก 2565 ฉ.3 | ►หนังสือ ตำรา ทางการพยาบาล | On Shelf ขอยืม | |||||
| [แสดง 3/3 รายการ] | |||||||||
BibComment |
| คอมเมนท์ทรัพยากรรายการนี้ |
|
|